|
|
|
|
| LEADER |
00000nam a2200000Ia 4500 |
| 008 |
170922b2000 cr ||||| |||| 00| | spa d |
| 999 |
|
|
|c 2400
|d 2400
|
| 090 |
|
|
|a Archivo # 08
|
| 110 |
|
|
|9 1703
|a Instituto de Investigación para el Mejoramiento de la Educación Costarricense
|
| 245 |
1 |
0 |
|a Investigación al servicio de la educación: XX aniversario del IIMEC /
|c Instituto de Investigación para el Mejoramiento de la Educación Costarricense
|
| 260 |
|
|
|a San José, Costa Rica :
|b Ofic. de Publicaciones, Universidad de Costa Rica,
|c 2000
|
| 300 |
|
|
|a 3 páginas
|
| 610 |
2 |
4 |
|9 2218
|a INSTITUTO DE INVESTIGACIÓN PARA EL MEJORAMIENTO DE LA EDUCACIÓN COSTARRICENSE
|
| 650 |
1 |
4 |
|a EDUCACIÓN
|9 1
|
| 650 |
1 |
4 |
|a INVESTIGACIÓN
|9 163
|
| 942 |
|
|
|i 002567
|h Archivo # 08
|2 z
|c 07
|